000 01166nmm a2200337 a 4500
001 ocm000709027
003 TR-IsHL
005 20201028142911.0
008 140118s2013 tu tur
007 cr cn
020 _a9786051371511
035 _a709027
_b(N$T)
050 0 4 _aTR646.T9
_bŞ47 2013
090 0 4 _aTR646.T9
_bŞ47 2013
245 1 0 _aŞerefeden seyristanbul =
_bView of İstanbul from minaret balkony
_h[electronic resource] /
_chaz. Hakan Kurt
260 _aİstanbul :
_bİstanbul Ticaret Odası,
_c2013
300 _a191 p.
650 4 _aTarih
650 4 _aHistory
650 0 _aİstanbul (Türkiye)
_x Tarih
650 0 _aIstanbul (Turkey)
_x History
650 0 _aFotoğrafçılık
_x İstanbul
650 0 _aPhotography
_xIstanbul
650 0 _aFotoğrafçılık, Sanatsal
_xİstanbul (Türkiye)
650 0 _aPhotography, Artistic
_xIstanbul (Turkey)
650 0 _aPhotograghy
_xIstanbul (Turkey)
650 0 _aIstanbul (Turkey)
_xPictorial work
650 7 _aPHOTOGRAPHY / General
_2bisacsh
700 1 _aKurt, Hakan
856 4 0 _uhttp://search.ebscohost.com/login.aspx?direct=true&scope=site&db=e011xww&AN=709027
999 _c8608
_d8608